[Event "19. Int. Boeblinger Open 2002"]
[Site "Boeblingen"]
[Date "2002.12.28"]
[Round "4"]
[White "Horvath, Joszef"]
[Black "Jaracz, Barbara"]
[Result "0-1"]
[WhiteElo "2514"]
[BlackElo "2270"]
[PlyCount "62"]
[EventDate "2002.??.??"]

1. Nf3 Nf6 2. c4 g6 3. Nc3 Bg7 4. e4 c5 5. d4 cxd4 6. Nxd4 d6 7. Be2 O-O 8. O-O
Nc6 9. Be3 Nxd4 10. Bxd4 Be6 11. f4 Rc8 12. b3 a6 13. Qd3 Qa5 14. Rac1 Bg4 15.
e5 Bxe2 16. Qxe2 Nd7 17. b4 Qd8 18. Rfd1 dxe5 19. Bxe5 Bxe5 20. fxe5 Qb6+ 21.
c5 Qe6 22. Rd5 Nb8 23. Rcd1 Nc6 24. b5 axb5 25. Qxb5 Nxe5 26. Qxb7 Ng4 27. R5d3
Qe5 28. Qd5 Qxh2+ 29. Kf1 Qf4+ 30. Kg1 Qf2+ 31. Kh1 Rxc5 0-1

[Event "19. Int. Boeblinger Open 2002"]
[Site "Boeblingen"]
[Date "2002.12.28"]
[Round "4"]
[White "Hoen, Lothar"]
[Black "Farago, Ivan"]
[Result "0-1"]
[WhiteElo "2238"]
[BlackElo "2474"]
[PlyCount "42"]
[EventDate "2002.??.??"]

1. e4 c5 2. Nf3 e6 3. c3 Nf6 4. e5 Nd5 5. d4 cxd4 6. cxd4 b6 7. Nc3 Nxc3 8.
bxc3 Qc7 9. Bd2 Bb7 10. Bd3 d6 11. O-O Nd7 12. Re1 Be7 13. a4 O-O 14. exd6 Bxd6
15. Bxh7+ Kxh7 16. Ng5+ Kg8 17. Qh5 Nf6 18. Qh4 Qc6 19. Qh3 Qd5 20. Re4 Qf5 21.
g4 Qg6 0-1

[Event "19. Int. Boeblinger Open 2002"]
[Site "Boeblingen"]
[Date "2002.12.28"]
[Round "4"]
[White "Joachim, Sven"]
[Black "Pohl, Walter"]
[Result "1-0"]
[WhiteElo "2471"]
[BlackElo "2110"]
[PlyCount "43"]
[EventDate "2002.??.??"]

1. e4 c5 2. Nf3 Nc6 3. Nc3 d6 4. d4 cxd4 5. Nxd4 e5 6. Nb3 Nf6 7. f3 Be7 8. Be3
O-O 9. Qd2 Rb8 10. O-O-O Ne8 11. g4 Be6 12. h4 a6 13. Kb1 b5 14. g5 Qd7 15. Nc5
Qc8 16. Nxe6 fxe6 17. Bh3 Rxf3 18. Rdf1 Rxf1+ 19. Rxf1 Nc7 20. Nd5 Rb7 21.
Nxe7+ Nxe7 22. Qxd6 1-0

[Event "19. Int. Boeblinger Open 2002"]
[Site "Boeblingen"]
[Date "2002.12.28"]
[Round "4"]
[White "Schenk, Andreas"]
[Black "Rau, Juergen"]
[Result "1-0"]
[WhiteElo "2479"]
[BlackElo "2205"]
[PlyCount "65"]
[EventDate "2002.??.??"]

1. d4 Nf6 2. c4 e6 3. Nc3 Bb4 4. Qc2 c5 5. dxc5 Nc6 6. Nf3 O-O 7. a3 Bxc5 8.
Bg5 b6 9. Rd1 Be7 10. e4 Qc7 11. Be2 a6 12. O-O Bb7 13. Nd5 exd5 14. cxd5 Rac8
15. dxc6 dxc6 16. e5 Nd5 17. Bc4 h6 18. Bc1 Rfd8 19. Ba2 Bf8 20. Bb1 g6 21. e6
f5 22. Rfe1 Bg7 23. h4 Ne7 24. h5 c5 25. Rd7 Rxd7 26. exd7 Qxd7 27. Ba2+ c4 28.
Qe2 Bxf3 29. gxf3 Kf8 30. Bxc4 Rc5 31. Be3 Re5 32. Rd1 Qc7 33. Bf4 1-0

[Event "19. Int. Boeblinger Open 2002"]
[Site "Boeblingen"]
[Date "2002.12.28"]
[Round "4"]
[White "Berger, Steve"]
[Black "Lauer, Moritz"]
[Result "1-0"]
[WhiteElo "2312"]
[BlackElo "2162"]
[PlyCount "41"]
[EventDate "2002.??.??"]

1. Nc3 e5 2. Nf3 Nc6 3. d4 exd4 4. Nxd4 Nf6 5. Bg5 Nxd4 6. Qxd4 Be7 7. e4 O-O
8. e5 Ne8 9. Bxe7 Qxe7 10. Nd5 Qd8 11. O-O-O f6 12. Bc4 Kh8 13. Qh4 d6 14. Bd3
h6 15. Nf4 Kg8 16. Bc4+ Kh7 17. Bd3+ Kg8 18. e6 c6 19. Rhe1 Qc7 20. Ng6 d5 21.
Qh5 1-0

[Event "19. Int. Boeblinger Open 2002"]
[Site "Boeblingen"]
[Date "2002.12.28"]
[Round "4"]
[White "Schmidt, Olaf"]
[Black "Hellmayr, Alois"]
[Result "0-1"]
[WhiteElo "2150"]
[BlackElo "2248"]
[PlyCount "38"]
[EventDate "2002.??.??"]

1. d4 Nf6 2. Bg5 d5 3. Bxf6 gxf6 4. e3 c5 5. Nc3 e6 6. Bb5+ Bd7 7. Bxd7+ Nxd7
8. Nge2 f5 9. O-O Bg7 10. dxc5 Qa5 11. Nxd5 exd5 12. Qxd5 Qxc5 13. Rfd1 Qxd5
14. Rxd5 Bxb2 15. Rb1 Nb6 16. Ra5 O-O-O 17. c3 Rd2 18. Kf1 Rhd8 19. Nd4 Kb8 0-1

[Event "19. Int. Boeblinger Open 2002"]
[Site "Boeblingen"]
[Date "2002.12.28"]
[Round "4"]
[White "Schuster, Martin"]
[Black "Fahnenschmidt, Gerhard"]
[Result "1-0"]
[WhiteElo "2136"]
[BlackElo "2221"]
[PlyCount "117"]
[EventDate "2002.??.??"]

1. e4 c5 2. Nf3 d6 3. d4 cxd4 4. Nxd4 Nf6 5. Nc3 a6 6. a4 g6 7. Be2 Bg7 8. Be3
O-O 9. O-O Nc6 10. Kh1 e5 11. Nb3 Be6 12. f4 d5 13. fxe5 Nxe4 14. Nxe4 dxe4 15.
Nc5 Qe7 16. Qd6 Bxe5 17. Qxe7 Nxe7 18. Nxe4 Bxb2 19. Rab1 Bd5 20. Nd6 Be5 21.
Nxb7 Nf5 22. Bf2 Rfc8 23. Bd3 Nd4 24. Rfe1 f6 25. Bxd4 Bxd4 26. Nd6 Rcb8 27.
Rxb8+ Rxb8 28. Bxa6 Rb6 29. Nc8 Bxg2+ 30. Kxg2 Rxa6 31. Re4 Bc5 32. Ne7+ Kf7
33. Nd5 f5 34. Rc4 Bd6 35. Nc3 Ke6 36. Nb5 Kd5 37. Rd4+ Kc5 38. Rxd6 Rxa4 39.
Rd5+ Kc4 40. Re5 Ra2 41. Nd6+ Kc3 42. Rc5+ Kd4 43. Rc7 h5 44. h4 Ke5 45. Nf7+
Kf4 46. Rc4+ Ke3 47. Ng5 Ra3 48. Ne6 Ra6 49. Nf4 Rd6 50. Kg3 Rd1 51. Ng2+ Ke2
52. Rc6 Rd4 53. Nf4+ Kd2 54. c4 Re4 55. c5 Ke3 56. Rxg6 Kd4 57. c6 Re3+ 58. Kf2
Rc3 59. Ne2+ 1-0

[Event "19. Int. Boeblinger Open 2002"]
[Site "Boeblingen"]
[Date "2002.12.28"]
[Round "5"]
[White "Gustafsson, Jan"]
[Black "Joachim, Sven"]
[Result "1-0"]
[WhiteElo "2554"]
[BlackElo "2471"]
[PlyCount "105"]
[EventDate "2002.??.??"]

1. d4 Nf6 2. c4 g6 3. Nc3 Bg7 4. e4 d6 5. Nf3 O-O 6. Be2 e5 7. Be3 Na6 8. O-O
Ng4 9. Bg5 Qe8 10. dxe5 dxe5 11. h3 f6 12. Bd2 Nh6 13. c5 c6 14. Bxa6 bxa6 15.
Qa4 Nf7 16. Rad1 Rb8 17. b3 Rb7 18. Bc1 f5 19. Rd3 Rd7 20. Rfd1 Rxd3 21. Rxd3
Qe6 22. Ng5 Nxg5 23. Bxg5 Bb7 24. Rd6 Qf7 25. exf5 gxf5 26. Qh4 e4 27. Ne2 Be5
28. Nf4 Bxd6 29. cxd6 Bc8 30. Be7 Re8 31. Nh5 Qg6 32. Nf6+ Kf7 33. Nxe8 Kxe8
34. Bf6 h6 35. Be7 Bd7 36. Qf4 Qg7 37. Qc1 a5 38. Qc5 f4 39. Qh5+ Qf7 40. Qxa5
Qf5 41. Qxa7 f3 42. Qa8+ Bc8 43. Qxc6+ Kf7 44. g4 Qe5 45. Qc1 Kg6 46. Bh4 Be6
47. Bg3 Qd5 48. Kh2 h5 49. Qf4 hxg4 50. hxg4 e3 51. Qxe3 Bxg4 52. Qe8+ Kh7 53.
Be5 1-0

[Event "19. Int. Boeblinger Open 2002"]
[Site "Boeblingen"]
[Date "2002.12.28"]
[Round "5"]
[White "Hellmayr, Alois"]
[Black "Duppel, Matthias"]
[Result "0-1"]
[WhiteElo "2248"]
[BlackElo "2440"]
[PlyCount "66"]
[EventDate "2002.??.??"]

1. Nf3 d5 2. d4 c6 3. c3 Bg4 4. Qb3 Qc8 5. Bf4 Bxf3 6. exf3 Nf6 7. h4 e6 8. Nd2
c5 9. dxc5 Bxc5 10. Bd3 O-O 11. Kf1 Nbd7 12. Re1 Re8 13. h5 e5 14. Bg3 h6 15.
Rh4 a6 16. Bf5 Qc6 17. c4 Bd4 18. cxd5 Nxd5 19. Ne4 Rad8 20. Rd1 N7b6 21. Nd2
Qf6 22. Be4 Qe6 23. Re1 f5 24. Bb1 f4 25. Qc2 Qf6 26. Qh7+ Kf8 27. Bg6 fxg3 28.
Rxd4 gxf2 29. Kxf2 Nf4 30. Rxd8 Rxd8 31. Ne4 Qh4+ 32. Kf1 Qh1+ 33. Kf2 Qxg2+
0-1

[Event "19. Int. Boeblinger Open 2002"]
[Site "Boeblingen"]
[Date "2002.12.28"]
[Round "5"]
[White "Knitl, Anton"]
[Black "Horvath, Joszef"]
[Result "0-1"]
[WhiteElo "2175"]
[BlackElo "2514"]
[PlyCount "82"]
[EventDate "2002.??.??"]

1. e4 c5 2. Nf3 e6 3. d4 cxd4 4. Nxd4 a6 5. Bd3 Bc5 6. Nb3 Be7 7. O-O d6 8. c4
Nf6 9. Nc3 O-O 10. f4 Nbd7 11. Kh1 b6 12. Qe2 Bb7 13. Be3 Re8 14. Nd4 Qc7 15.
Bg1 Bf8 16. Nf3 g6 17. h3 Nh5 18. Bh2 Bh6 19. Nh4 Qd8 20. Qf2 Nc5 21. Bc2 f5
22. Rae1 Bg7 23. e5 dxe5 24. fxe5 Nd3 25. Bxd3 Qxd3 26. Qxb6 Qxh3 27. Qxb7 Qxh4
28. Qf3 Qxc4 29. b3 Qb4 30. Na4 Rac8 31. Rc1 Bh6 32. Rxc8 Rxc8 33. Rd1 Bf8 34.
Qd3 Qb5 35. Nb2 Qxd3 36. Nxd3 Ba3 37. Ne1 g5 38. Nf3 g4 39. Nd4 Rd8 40. Bg1
Ng3+ 41. Kh2 Ne2 0-1

[Event "19. Int. Boeblinger Open 2002"]
[Site "Boeblingen"]
[Date "2002.12.28"]
[Round "5"]
[White "Milosevic, Goran"]
[Black "Feger, Andreas"]
[Result "1-0"]
[WhiteElo "2400"]
[BlackElo "2165"]
[PlyCount "43"]
[EventDate "2002.??.??"]

1. e4 c5 2. Nc3 Nc6 3. Nf3 d6 4. d4 cxd4 5. Nxd4 Nf6 6. g3 g6 7. Bg2 Nxd4 8.
Qxd4 Bg7 9. a4 O-O 10. Qb4 Qc7 11. O-O a6 12. a5 e5 13. Rd1 Ne8 14. Nd5 Qc5 15.
Qxc5 dxc5 16. Be3 c4 17. Nb6 Rb8 18. Bc5 Bg4 19. f3 Be6 20. Bf1 Nc7 21. Bxf8
Bxf8 22. Nxc4 1-0

[Event "19. Int. Boeblinger Open 2002"]
[Site "Boeblingen"]
[Date "2002.12.28"]
[Round "5"]
[White "Gasthofer, Alexander"]
[Black "Willim, Michael"]
[Result "1-0"]
[WhiteElo "2302"]
[BlackElo "2153"]
[PlyCount "21"]
[EventDate "2002.??.??"]

1. Nf3 e6 2. g3 c5 3. Bg2 Nc6 4. d4 cxd4 5. Nxd4 Qb6 6. Nxc6 dxc6 7. O-O Nf6 8.
Nd2 Be7 9. Nc4 Qb4 10. b3 c5 11. a4 1-0

[Event "19. Int. Boeblinger Open 2002"]
[Site "Boeblingen"]
[Date "2002.12.28"]
[Round "5"]
[White "Soergel, Frank"]
[Black "Marasescu, Ioan"]
[Result "0-1"]
[WhiteElo "2153"]
[BlackElo "2295"]
[PlyCount "64"]
[EventDate "2002.??.??"]

1. c4 f5 2. g3 Nf6 3. Bg2 g6 4. Nf3 Bg7 5. Nc3 O-O 6. d3 c5 7. O-O Nc6 8. Rb1
d6 9. a3 a5 10. b3 Kh8 11. Nd5 e5 12. Ne1 Bd7 13. Nc2 Nxd5 14. cxd5 Nd4 15. f4
Qe7 16. e3 Nb5 17. Bb2 exf4 18. gxf4 Bxb2 19. Rxb2 Nc3 20. Qd2 Qf6 21. Ne1 b5
22. b4 axb4 23. axb4 cxb4 24. Nf3 Ra4 25. Nd4 Re8 26. Re1 Kg8 27. Bf3 Rea8 28.
Bd1 Ra1 29. Rxb4 Nxd1 30. Rxd1 R8a2 31. Nc2 Rxd1+ 32. Qxd1 Qc3 0-1

[Event "19. Int. Boeblinger Open 2002"]
[Site "Boeblingen"]
[Date "2002.12.28"]
[Round "5"]
[White "Heinl, Thomas"]
[Black "Schwenk, Andreas"]
[Result "1-0"]
[WhiteElo "2276"]
[BlackElo "2138"]
[PlyCount "67"]
[EventDate "2002.??.??"]

1. e4 c5 2. Nf3 d6 3. d4 cxd4 4. Nxd4 Nf6 5. Nc3 a6 6. Be2 e6 7. Be3 Be7 8. O-O
Qc7 9. f4 Nc6 10. Qe1 Nxd4 11. Bxd4 O-O 12. Qg3 b5 13. e5 dxe5 14. Bxe5 Qb6+
15. Kh1 Bb7 16. Bd3 g6 17. a3 Nh5 18. Qh3 f6 19. f5 exf5 20. Bf4 Ng7 21. Bh6
Bd6 22. a4 Bc6 23. Qh4 Qb7 24. Rf2 b4 25. Ne2 Rac8 26. Nd4 Bd5 27. Bxg7 Qxg7
28. Bxf5 gxf5 29. Nxf5 Qd7 30. Rd1 Be5 31. Rxd5 Qxa4 32. Qg4+ Kf7 33. b3 Qc6
34. Rxe5 1-0

[Event "19. Int. Boeblinger Open 2002"]
[Site "Boeblingen"]
[Date "2002.12.28"]
[Round "5"]
[White "Koch, Moritz"]
[Black "Schmied, Andreas"]
[Result "1-0"]
[WhiteElo "2207"]
[BlackElo "2128"]
[PlyCount "48"]
[EventDate "2002.??.??"]

1. e4 c5 2. c3 Nf6 3. e5 Nd5 4. d4 cxd4 5. Nf3 Nc6 6. cxd4 e6 7. Nc3 Nxc3 8.
bxc3 d6 9. Bf4 Be7 10. Bd3 Qc7 11. O-O b6 12. h4 Bb7 13. Qe2 Na5 14. Bb5+ Bc6
15. d5 Bxb5 16. Qxb5+ Kf8 17. dxe6 Qc4 18. Qxc4 Nxc4 19. exd6 Bxd6 20. Bxd6+
Nxd6 21. Rad1 Ke7 22. exf7 Nxf7 23. Rfe1+ Kf6 24. Rd4 Nd8 1-0

[Event "19. Int. Boeblinger Open 2002"]
[Site "Boeblingen"]
[Date "2002.12.28"]
[Round "5"]
[White "Remmler, Hans-Peter"]
[Black "Wohlfahrt, Rainer"]
[Result "1-0"]
[WhiteElo "2202"]
[BlackElo "2126"]
[PlyCount "65"]
[EventDate "2002.??.??"]

1. e4 Nf6 2. e5 Nd5 3. d4 d6 4. c4 Nb6 5. exd6 cxd6 6. Nc3 g6 7. Be2 Bg7 8. Be3
O-O 9. h3 Nc6 10. Nf3 Bf5 11. O-O d5 12. c5 Nc4 13. Bxc4 dxc4 14. Qa4 Bd3 15.
Rfd1 Nxd4 16. Nxd4 Bxd4 17. Rxd3 cxd3 18. Bxd4 Qc8 19. Rd1 Qf5 20. Be3 Rfd8 21.
Qc4 Rd7 22. b4 Rad8 23. Rd2 g5 24. b5 Qg6 25. c6 bxc6 26. bxc6 Rd6 27. c7 Rc8
28. Nd5 Qe6 29. Rxd3 h6 30. Bd2 Kh7 31. Bb4 Rd7 32. Qb5 Qf5 33. Qxd7 1-0

[Event "19. Int. Boeblinger Open 2002"]
[Site "Boeblingen"]
[Date "2002.12.28"]
[Round "5"]
[White "Frey, Bernd-Juergen"]
[Black "Hoffmann, Hans"]
[Result "1-0"]
[WhiteElo "2010"]
[BlackElo "2192"]
[PlyCount "55"]
[EventDate "2002.??.??"]

1. e4 c5 2. Nc3 Nc6 3. g3 g6 4. Bg2 Bg7 5. d3 e6 6. Be3 d6 7. Qd2 Nge7 8. Bh6
O-O 9. h4 Bxh6 10. Qxh6 f6 11. Nh3 e5 12. Qd2 Rb8 13. h5 g5 14. f4 h6 15. O-O-O
b5 16. Rdf1 b4 17. Nd5 Nxd5 18. exd5 Nd4 19. fxg5 fxg5 20. Rxf8+ Kxf8 21. Rf1+
Kg7 22. Nf2 Rb7 23. Ne4 Rf7 24. Rxf7+ Kxf7 25. c3 bxc3 26. bxc3 Nb5 27. Qb2 Qa5
28. Qxb5 1-0

[Event "19. Int. Boeblinger Open 2002"]
[Site "Boeblingen"]
[Date "2002.12.28"]
[Round "6"]
[White "Duppel, Matthias"]
[Black "Jaracz, Barbara"]
[Result "1-0"]
[WhiteElo "2440"]
[BlackElo "2270"]
[PlyCount "83"]
[EventDate "2002.??.??"]

1. Nf3 Nf6 2. c4 c5 3. Nc3 Nc6 4. d4 cxd4 5. Nxd4 g6 6. e4 Bg7 7. Be3 d6 8. Be2
O-O 9. O-O Nxd4 10. Bxd4 Bd7 11. Qd2 Bc6 12. Bd3 Nd7 13. Bxg7 Kxg7 14. Rae1 Nf6
15. Re3 Qa5 16. Rh3 h5 17. f4 Qc5+ 18. Kh1 Qd4 19. f5 b5 20. cxb5 Bxe4 21. Nxe4
Nxe4 22. Qf4 d5 23. Bxe4 Qxe4 24. Qxe4 dxe4 25. Re3 g5 26. Rxe4 Kf6 27. Rc4
Rfc8 28. Rc6+ Rxc6 29. bxc6 Rc8 30. Rc1 Kxf5 31. b4 e5 32. b5 Ke6 33. a4 Kd6
34. Rd1+ Kc5 35. Rd7 a6 36. Rb7 axb5 37. axb5 e4 38. Kg1 Kd6 39. Rxf7 Ke6 40.
Rd7 Rf8 41. Rd1 e3 42. Rd3 1-0

[Event "19. Int. Boeblinger Open 2002"]
[Site "Boeblingen"]
[Date "2002.12.28"]
[Round "6"]
[White "Horvath, Joszef"]
[Black "Ortmann, David"]
[Result "1-0"]
[WhiteElo "2514"]
[BlackElo "2266"]
[PlyCount "97"]
[EventDate "2002.??.??"]

1. Nf3 Nf6 2. c4 c5 3. Nc3 e6 4. e3 d5 5. d4 Nc6 6. cxd5 exd5 7. Bb5 Bd6 8. O-O
O-O 9. h3 Be6 10. dxc5 Bxc5 11. b3 Qe7 12. Bb2 Rac8 13. Rc1 Ba3 14. Qe2 a6 15.
Bd3 Bxb2 16. Qxb2 b5 17. Ne2 Rc7 18. Ned4 Rfc8 19. Nxc6 Rxc6 20. Rxc6 Rxc6 21.
Nd4 Rc8 22. a4 bxa4 23. bxa4 Qd6 24. Qb7 a5 25. Nxe6 Qxe6 26. Qa7 Qe8 27. Bb5
Qd8 28. Rd1 Ne4 29. Qd7 Nc3 30. Qxd8+ Rxd8 31. Rd3 Na2 32. g3 g6 33. Kg2 Kg7
34. Kf3 Kf6 35. h4 Ke5 36. Ra3 Nb4 37. Rc3 Rd6 38. Rc8 d4 39. exd4+ Kxd4 40.
Ra8 Rf6+ 41. Kg2 Nc2 42. Rxa5 Na3 43. Be2 h6 44. Ra7 Kc5 45. a5 Nb5 46. Rb7 Nd4
47. Bf1 Rf5 48. a6 Kc6 49. Bd3 1-0

[Event "19. Int. Boeblinger Open 2002"]
[Site "Boeblingen"]
[Date "2002.12.28"]
[Round "6"]
[White "Schenk, Andreas"]
[Black "Kunz, Konstantin"]
[Result "1/2-1/2"]
[WhiteElo "2479"]
[BlackElo "2236"]
[PlyCount "33"]
[EventDate "2002.??.??"]

1. d4 Nf6 2. c4 e6 3. Nc3 Bb4 4. Qc2 c5 5. dxc5 O-O 6. Nf3 Na6 7. g3 Nxc5 8.
Bg2 Nce4 9. Bd2 Nxd2 10. Nxd2 d5 11. a3 Bxc3 12. Qxc3 b6 13. cxd5 Nxd5 14. Qe5
Ba6 15. O-O Rc8 16. Rfc1 Nc3 17. Rxc3 1/2-1/2

[Event "19. Int. Boeblinger Open 2002"]
[Site "Boeblingen"]
[Date "2002.12.28"]
[Round "6"]
[White "Joachim, Sven"]
[Black "Huber, Martin"]
[Result "1/2-1/2"]
[WhiteElo "2471"]
[BlackElo "2220"]
[PlyCount "88"]
[EventDate "2002.??.??"]

1. e4 e6 2. d4 d5 3. Nc3 Nf6 4. Bg5 Bb4 5. e5 h6 6. Bd2 Bxc3 7. bxc3 Ne4 8. Qg4
g6 9. Bd3 Nxd2 10. Kxd2 c5 11. Nf3 Nc6 12. Qf4 Qa5 13. dxc5 Qxc5 14. Nd4 Nxd4
15. cxd4 Qa5+ 16. Ke2 b6 17. Qd2 Qa4 18. Rhb1 Ba6 19. Bxa6 Qxa6+ 20. Qd3 Qxd3+
21. Kxd3 O-O-O 22. a4 Kb7 23. a5 Rc8 24. axb6 axb6 25. Rb3 Ra8 26. Rxa8 Rxa8
27. Kd2 Ra4 28. Rf3 Rxd4+ 29. Kc1 Re4 30. Rxf7+ Kc6 31. f4 g5 32. g3 gxf4 33.
gxf4 Kc5 34. Kd2 h5 35. Kd3 h4 36. h3 Kb5 37. Rf6 Kc5 38. Rf7 Kb5 39. c3 Kc6
40. Kd2 Kb5 41. Rf6 Kc5 42. Kd3 Kb5 43. Rf8 Kc6 44. Rf7 Kb5 1/2-1/2

[Event "19. Int. Boeblinger Open 2002"]
[Site "Boeblingen"]
[Date "2002.12.28"]
[Round "6"]
[White "Vujic, Branimir"]
[Black "Milosevic, Goran"]
[Result "1/2-1/2"]
[WhiteElo "2244"]
[BlackElo "2400"]
[PlyCount "20"]
[EventDate "2002.??.??"]

1. d4 Nf6 2. e3 g6 3. Nf3 Bg7 4. Be2 O-O 5. c4 d6 6. Nc3 c6 7. b4 Nbd7 8. a4 a5
9. b5 c5 10. Bb2 b6 1/2-1/2

[Event "19. Int. Boeblinger Open 2002"]
[Site "Boeblingen"]
[Date "2002.12.28"]
[Round "6"]
[White "Berger, Steve"]
[Black "Kapic, Ibrahim"]
[Result "1-0"]
[WhiteElo "2312"]
[BlackElo "2215"]
[PlyCount "87"]
[EventDate "2002.??.??"]

1. Nc3 e5 2. Nf3 Nc6 3. d4 exd4 4. Nxd4 Nf6 5. Bg5 Be7 6. Nf5 Bf8 7. Nd5 d6 8.
Bxf6 gxf6 9. e4 Bxf5 10. exf5 Bg7 11. Qg4 Kf8 12. O-O-O Ne7 13. Bc4 Nxd5 14.
Bxd5 c6 15. Bb3 h5 16. Qb4 Qc7 17. Rxd6 Kg8 18. Qd4 Kh7 19. Rd1 Rhf8 20. Kb1
Rae8 21. c3 Qe7 22. Rd7 Qe5 23. Qxe5 Rxe5 24. Rxb7 Re2 25. Bxf7 Rxf2 26. Bg6+
Kh6 27. Rdd7 Rg8 28. Bf7 Ra8 29. Bxh5 Rxg2 30. Bg6 Rg8 31. Rxa7 Rxh2 32. a4 Re2
33. a5 Rb8 34. Rab7 Ra8 35. Rxg7 Rxa5 36. Rh7+ Kg5 37. Rb4 Rxf5 38. Bxf5 Kxf5
39. Rc4 Kg5 40. Rxc6 f5 41. Rg7+ Kf4 42. Rf7 Re5 43. Rcf6 Ke4 44. Rxf5 1-0

[Event "19. Int. Boeblinger Open 2002"]
[Site "Boeblingen"]
[Date "2002.12.28"]
[Round "6"]
[White "Weber, Dirk"]
[Black "Gasthofer, Alexander"]
[Result "1/2-1/2"]
[WhiteElo "2221"]
[BlackElo "2302"]
[PlyCount "52"]
[EventDate "2002.??.??"]

1. e4 e6 2. d4 d5 3. Nc3 Bb4 4. e5 c5 5. a3 Bxc3+ 6. bxc3 Ne7 7. a4 Qa5 8. Bd2
Nbc6 9. Nf3 Bd7 10. Be2 c4 11. O-O O-O-O 12. Qc1 h6 13. Qa3 Rde8 14. Rfb1 Qc7
15. a5 a6 16. Qc5 Kb8 17. Kf1 Na7 18. Qxc7+ Kxc7 19. Ke1 Nb5 20. Kd1 Nc6 21.
Ng1 f6 22. f4 fxe5 23. fxe5 Ref8 24. Be1 Be8 25. Kd2 Bg6 26. Bf3 Kd7 1/2-1/2

[Event "19. Int. Boeblinger Open 2002"]
[Site "Boeblingen"]
[Date "2002.12.28"]
[Round "6"]
[White "Marasescu, Ioan"]
[Black "Koch, Moritz"]
[Result "1/2-1/2"]
[WhiteElo "2295"]
[BlackElo "2207"]
[PlyCount "41"]
[EventDate "2002.??.??"]

1. Nf3 c5 2. c4 Nf6 3. Nc3 b6 4. d4 cxd4 5. Nxd4 Bb7 6. f3 a6 7. e4 d6 8. Be2
e6 9. Be3 Be7 10. O-O O-O 11. Qd2 Nbd7 12. Rfd1 Qc7 13. Rac1 Rac8 14. Bf1 Qb8
15. Kh1 Bd8 16. Qf2 Bc7 17. Qh4 Ne5 18. b3 Rfe8 19. Bg1 Ng6 20. Qf2 Rcd8 21.
Re1 1/2-1/2

[Event "19. Int. Boeblinger Open 2002"]
[Site "Boeblingen"]
[Date "2002.12.28"]
[Round "6"]
[White "Stoll, Ferdinand"]
[Black "Remmler, Hans-Peter"]
[Result "1/2-1/2"]
[WhiteElo "2277"]
[BlackElo "2202"]
[PlyCount "28"]
[EventDate "2002.??.??"]

1. c4 e5 2. g3 Nf6 3. Bg2 d5 4. cxd5 Nxd5 5. Nc3 Nb6 6. Nf3 Nc6 7. O-O Be7 8.
d3 O-O 9. Be3 Re8 10. Rc1 Bg4 11. Ne4 Nd4 12. Bxd4 exd4 13. Re1 c6 14. Qc2 Qd5
1/2-1/2

[Event "19. Int. Boeblinger Open 2002"]
[Site "Boeblingen"]
[Date "2002.12.28"]
[Round "6"]
[White "Deglmann, Ludwig"]
[Black "Frey, Bernd-Juergen"]
[Result "1-0"]
[WhiteElo "2269"]
[BlackElo "2010"]
[PlyCount "71"]
[EventDate "2002.??.??"]

1. e4 c6 2. d4 d5 3. e5 g6 4. Nc3 h5 5. h3 Bf5 6. Nf3 Bg7 7. Bf4 b5 8. Qd2 Na6
9. Nd1 Nc7 10. Ne3 Ne6 11. Nxf5 gxf5 12. Be3 f4 13. Bxf4 Nxf4 14. Qxf4 Bh6 15.
Qf5 e6 16. Qd3 Ne7 17. Be2 Ng6 18. g3 h4 19. Qc3 Qb6 20. Bd3 b4 21. Qb3 hxg3
22. fxg3 c5 23. Bxg6 fxg6 24. Qd3 O-O-O 25. O-O cxd4 26. Nxd4 Bg7 27. Kg2 Bxe5
28. c3 Bxd4 29. cxd4 Rd7 30. Rac1+ Kb8 31. Rc5 Ka8 32. Rfc1 Qb8 33. Qa6 Rd6 34.
Rc6 Rhd8 35. Rxd6 Rxd6 36. Rc6 1-0

[Event "19. Int. Boeblinger Open 2002"]
[Site "Boeblingen"]
[Date "2002.12.28"]
[Round "6"]
[White "Huettig, Michael"]
[Black "Galdunts, Sergey"]
[Result "0-1"]
[WhiteElo "2177"]
[BlackElo "2486"]
[PlyCount "42"]
[EventDate "2002.??.??"]

1. Nf3 d6 2. g3 e5 3. d3 f5 4. Bg2 Nf6 5. c4 g6 6. O-O Bg7 7. Nc3 O-O 8. Rb1 a5
9. a3 h6 10. b4 axb4 11. axb4 g5 12. Qb3 Qe8 13. Ne1 f4 14. Nd5 Nxd5 15. Bxd5+
Kh8 16. Nf3 Nd7 17. Nd2 Nf6 18. Bg2 Qh5 19. Nf3 Bh3 20. Bd2 Ng4 21. c5 fxg3 0-1

[Event "19. Int. Boeblinger Open 2002"]
[Site "Boeblingen"]
[Date "2002.12.28"]
[Round "6"]
[White "Gasthofer, Viktor"]
[Black "Wallrabenstein, Udo"]
[Result "1-0"]
[WhiteElo "2338"]
[BlackElo "2157"]
[PlyCount "129"]
[EventDate "2002.??.??"]

1. d4 d5 2. Nf3 Nf6 3. c4 c6 4. e3 g6 5. Nc3 Bg7 6. Qb3 O-O 7. Bd2 Na6 8. cxd5
cxd5 9. Rc1 b6 10. Ne5 Bb7 11. Be2 Nc7 12. O-O Nd7 13. Nxd7 Qxd7 14. Nb5 Rfc8
15. Nxc7 Rxc7 16. Bb5 Bc6 17. Ba6 e6 18. Rc2 Bb7 19. Bxb7 Rxb7 20. Rfc1 Bf8 21.
g3 Bd6 22. Bb4 Bxb4 23. Qxb4 Rd8 24. Rc6 Kg7 25. Qc3 Kg8 26. Qd3 Qe7 27. a3
Rdd7 28. Qc3 Rd8 29. Kg2 Kg7 30. h4 Rd6 31. Rc8 Rd8 32. Qc6 Rxc8 33. Qxc8 Qd7
34. b4 h5 35. Qxd7 Rxd7 36. Kf3 Kf6 37. Kf4 b5 38. Rc6 Rb7 39. Ra6 Rc7 40. f3
Rc4 41. g4 Rc7 42. g5+ Ke7 43. Ra5 Rb7 44. Ke5 a6 45. Rxa6 Rc7 46. Rb6 Rc3 47.
Rb7+ Ke8 48. Kf4 Rxa3 49. Rxb5 Ra1 50. Rb8+ Ke7 51. Rb7+ Ke8 52. b5 Rh1 53. b6
Rxh4+ 54. Ke5 Rh1 55. Rc7 Kd8 56. Rxf7 Rb1 57. b7 Rb6 58. Rh7 h4 59. Rxh4 Rxb7
60. Rh8+ Kc7 61. Rh7+ Kc6 62. Rxb7 Kxb7 63. Kxe6 Kc6 64. e4 dxe4 65. fxe4 1-0

[Event "19. Int. Boeblinger Open 2002"]
[Site "Boeblingen"]
[Date "2002.12.28"]
[Round "6"]
[White "Noack, Reiner"]
[Black "Gheng, Josef"]
[Result "0-1"]
[WhiteElo "2155"]
[BlackElo "2314"]
[PlyCount "96"]
[EventDate "2002.??.??"]

1. d4 Nf6 2. c4 g6 3. Nc3 d5 4. Bg5 dxc4 5. Bxf6 exf6 6. e3 Be7 7. Bxc4 O-O 8.
Nge2 a6 9. a4 a5 10. O-O Na6 11. Qb3 Nb4 12. Rfd1 Kg7 13. Rac1 Bg4 14. f3 Bd7
15. d5 f5 16. Kh1 Bd6 17. g3 h5 18. e4 h4 19. Kg2 Rh8 20. Rh1 h3+ 21. Kf1 Qf6
22. f4 fxe4 23. Nxe4 Qf5 24. Qc3+ f6 25. Qf3 Rae8 26. N2c3 Be5 27. Nf2 g5 28.
Rg1 g4 29. Qd1 Bd6 30. Be2 Rxe2 31. Qxe2 Nxd5 32. Nxd5 Qxd5 33. Qe4 Rh5 34.
Qxd5 Rxd5 35. Ne4 Bc6 36. Ke2 Bb4 37. Ke3 f5 38. Nc3 Bc5+ 39. Ke2 Rd7 40. Rge1
Bf3+ 41. Kf1 Rd2 42. Re2 Bxe2+ 43. Nxe2 Bb6 44. b3 c6 45. Rb1 Be3 46. Ke1 Kf6
47. b4 axb4 48. Rxb4 Ra2 0-1

[Event "19. Int. Boeblinger Open 2002"]
[Site "Boeblingen"]
[Date "2002.12.28"]
[Round "6"]
[White "Hoen, Lothar"]
[Black "Schuster, Gerhard"]
[Result "1-0"]
[WhiteElo "2238"]
[BlackElo "2151"]
[PlyCount "61"]
[EventDate "2002.??.??"]

1. e4 c6 2. d4 d5 3. e5 Bf5 4. c3 e6 5. Ne2 c5 6. Ng3 Bg6 7. Bd3 Nc6 8. O-O
cxd4 9. cxd4 Qb6 10. Ne2 O-O-O 11. Nbc3 Bxd3 12. Qxd3 Nge7 13. Bg5 h6 14. Bxe7
Bxe7 15. a3 Qb3 16. Rfd1 Na5 17. Nc1 Qc4 18. Qc2 Kb8 19. b4 Rc8 20. N1e2 Nc6
21. Qb2 f6 22. exf6 Bxf6 23. Na4 Na5 24. Nc5 Rxc5 25. bxc5 Qxc5 26. Rab1 Qc4
27. Rdc1 Qa6 28. Qb4 Nc4 29. Nf4 Bxd4 30. Nxe6 Bb6 31. Nc5 1-0

[Event "19. Int. Boeblinger Open 2002"]
[Site "Boeblingen"]
[Date "2002.12.28"]
[Round "6"]
[White "Streck, Alexander"]
[Black "Koppenhoefer, Bernhard"]
[Result "1-0"]
[WhiteElo "2233"]
[BlackElo "2147"]
[PlyCount "21"]
[EventDate "2002.??.??"]

1. d4 Nf6 2. c3 e6 3. Bg5 Be7 4. Nd2 d5 5. e3 O-O 6. Bd3 c5 7. Ngf3 b6 8. Ne5
Qc7 9. Qf3 Bb7 10. Qh3 Nbd7 11. Nxd7 1-0